000 nam a22 7a 4500
999 _c129662
_d129662
008 190528b xxu||||| |||| 00| 0 eng d
020 _a0-8018-1191-0
050 _aPR3588.A59 1970
100 _aAllen, Don Cameron
_946549
245 _aThe harmonious vision:
_bstudies in Milton's poetry
_c/ edited by Don Cameron Allen
250 _arev. ed.
260 _aLondon:
_bThe Johns Hopkins Press,
_c1970.
300 _axx, 146p. ;
_c21cm.
600 _aMilton, John
_xCriticism
_946531
942 _2lcc
_cMONOGRAPH